Manual de psiquiatria infantil / (Record no. 146180)

MARC details
000 -LEADER
campo de control de longitud fija 00609nam a2200193 i 4500
001 - NÚMERO DE CONTROL
campo de control 146180
003 - IDENTIFICADOR DE NÚMERO DE CONTROL
campo de control ES-MaACL
005 - FECHA Y HORA DE LA ÚLTIMA TRANSACCIÓN
campo de control 20250811100320.0
007 - CAMPO FIJO DE DESCRIPCIÓN FÍSICA--INFORMACIÓN GENERAL
campo de control de longitud fija t|
008 - DATOS DE LONGITUD FIJA--INFORMACIÓN GENERAL
campo de control de longitud fija 070904s1946 sp ||||1| spa d
100 1# - ENTRADA PRINCIPAL--NOMBRE DE PERSONA
Nombre de persona Tramer, Moritz.
9 (RLIN) 111216
245 10 - MENCIÓN DEL TÍTULO
Título Manual de psiquiatria infantil /
Mención de responsabilidad, etc. Moritz Tramer ; prólogo de los Dres. Germain y Valenciano.
260 ## - PUBLICACIÓN, DISTRIBUCIÓN, ETC.
Lugar de publicación, distribución, etc. Madrid :
Nombre del editor, distribuidor, etc. Morata,
Fecha de publicación, distribución, etc. 1946.
300 ## - DESCRIPCIÓN FÍSICA
Extensión 438 p. :
Otras características físicas il. ;
Dimensiones 25 cm.
650 07 - PUNTO DE ACCESO ADICIONAL DE MATERIA--TÉRMINO DE MATERIA
Término de materia o nombre geográfico como elemento de entrada Psiquiatría infantil
Fuente del encabezamiento o término embne
9 (RLIN) 16595
700 1# - ENTRADA AGREGADA--NOMBRE PERSONAL
Nombre de persona Germain, José (
Fechas asociadas al nombre 1897-1986)
9 (RLIN) 170494
852 ## - LOCALIZACIÓN
Ubicación ES-MaACL
Número de control de estantería E-1793
Sublocalización o colección R.22685
Holdings
Estatus retirado Estado de pérdida Estado de daño No para préstamo Biblioteca de origen Biblioteca actual Ubicación en estantería Fecha de adquisición Fuente de adquisición Total de préstamos Signatura topográfica completa Código de barras Visto por última vez Precio de reemplazo Tipo de ítem Koha
        Biblioteca del Ateneo de Madrid Biblioteca del Ateneo de Madrid Depósito 2 17/01/2008     E-1793 1152576 23/02/2023 23/02/2023 Libro impreso